Plant biochemistry
Uloženo v:
| Hlavní autoři: | , , |
|---|---|
| Médium: | Kniha |
| Jazyk: | angličtina |
| Vydáno: |
Londres
Elsevier
2011
|
| Vydání: | 4a. ed |
| Témata: | |
| Tagy: |
Přidat tag
Žádné tagy, Buďte první, kdo vytvoří štítek k tomuto záznamu!
|
MARC
| LEADER | 00000cam a2200000 a 4500 | ||
|---|---|---|---|
| 001 | UCC3711 | ||
| 003 | CL-VaPUC | ||
| 008 | 180531e20110000uk |||||||||||||||||eng|d | ||
| 020 | |a 9780128102145 | ||
| 082 | 0 | 4 | |a 581 |b HEL |2 21 |
| 100 | |a Heldt, Hans-Walter |e author |9 597804 | ||
| 700 | 0 | |a Piechulla, Birgit |e author |9 597805 | |
| 700 | 0 | |a Heldt, Fiona |e author |9 597806 | |
| 245 | 1 | 0 | |a Plant biochemistry |
| 250 | |a 4a. ed | ||
| 300 | |a 622 p | ||
| 942 | |c BK | ||
| 945 | |d 20180531 16:15:00 |a arojas | ||
| 260 | |a Londres |b Elsevier |c 2011 | ||
| 650 | 0 | |a Bioquímica |9 259492 | |
| 650 | 0 | |a Bioquímica vegetal |9 264262 | |
| 583 | |a last modification |c 20180531 16:15:00 |k Rodrigo Vera | ||
| 999 | |c 371402 |d 371400 | ||
| 952 | |0 0 |1 0 |3 erb |4 0 |6 581_000000000000000_HEL_2011 |7 0 |8 A |9 488394 |a BIBCUR |b BIBCUR |i 5474043 |l 3 |o 581 HEL 2011 |p 5474043 |r 2025-04-22 |s 2024-09-04 |w 2019-11-24 |y BK |z Catalogado en:20180531 |k QUI | ||
| 952 | |0 0 |1 0 |3 erb |4 0 |6 581_000000000000000_HEL_2011 |7 0 |8 A |9 488395 |a BIBCUR |b BIBCUR |i 5474973 |l 1 |o 581 HEL 2011 |p 5474973 |r 2025-04-22 |s 2024-09-23 |w 2019-11-24 |y BK |z Catalogado en:20180615 |k QUI | ||